Licitações, contratos e controle administrativo : (Record no. 200)

MARC details
000 -LÍDER
Campo Fixo de Controle 00904cam a2200253 a 4500
001 - NÚMERO DE CONTROLE
Campo de Controle 200
003 - IDENTIFICAÇÃO DO NÚMERO DE CONTROLE
Campo de Controle BR-CuiBMT
005 - DATA E HORA DA ÚLTIMA ATUALIZAÇÃO
Campo de Controle 20231114030924.0
008 - DADOS FIXOS
Dados Fixos 230829s2022 mgba 000 0 por d
020 ## - INTERNATIONAL STANDARD BOOK NUMBER
Nº do ISBN 9786555181890
040 ## - AGÊNCIA CATALOGADORA
Código da Agência Catalogadora BR-CuiBMT
Agência que transcreveu o registro BR-CuiBMT
080 ## - Nº DA CLASSIFICAÇÃO DECIMAL UNIVERSAL
Nº edição CDU 2007
Nº Class. CDU 342.92
090 ## - NÚMERO DE CHAMADA
Nº classificação 342.92
Cutter M183l
100 1# - ENTRADA PRINCIPAL -- AUTOR PESSOAL
Nome pessoal Madureira, Claudio
245 10 - TÍTULO PRINCIPAL
Título principal Licitações, contratos e controle administrativo :
Subtítulo descrição sistemática da Lei nº 14.133/2021 na perspectiva do modelo brasileiro de processo /
Indicação de responsabilidade Claudio Madureira.
260 ## - PUBLICAÇÃO, DISTRIBUIÇÃO, ETC.
Local de publicação Belo Horizonte :
Editora Fórum,
Data c2022.
300 ## - DESCRIÇÃO FÍSICA
N. páginas ou volumes 557 p. :
Ilustrações il. ;
Dimensões 24 cm
504 ## - NOTA DE BIBLIOGRAFIA, ETC.
Nota de bibliografia Inclui bibliografia.
590 ## - NOTA LOCAL
Nota local A Biblioteca possui a 1. reimpr. 2022.
650 ## - ASSUNTO TÓPICO
Cabeçalho tópico ou nome geográfico Licitações e contratos
Subdivisão de forma Legislação
650 ## - ASSUNTO TÓPICO
Cabeçalho tópico ou nome geográfico Contratação pública
Subdivisão geral Normas de controle
650 ## - ASSUNTO TÓPICO
Cabeçalho tópico ou nome geográfico Administração pública
Subdivisão geral Controle administrativo
942 ## - ELEMENTOS DE ENTRADA ADICIONAIS (KOHA)
Fonte de classificação ou esquema de arquivamento Classificação Decimal Universal
Tipo de item do Koha Livros
Holdings
Estado: removido Estado: perdido Fonte de classificação ou esquema de arquivamento Estado: danificado Indisponível para empréstimo Localização permanente Localização atual Data de aquisição Total Checkouts Número de Chamada completo Código de barras Date last seen Número do exemplar Preço efetivo a partir de Tipo de item (Koha) Nota pública
    Classificação Decimal Universal     Biblioteca da Escola Superior de Contas do TCE/MT Biblioteca da Escola Superior de Contas do TCE/MT 28/07/2023   342.92 M183l BIBTCEMT23080176 29/08/2023 Ex. 1 29/08/2023 Livros 1. reimpr. 2022

Powered by Koha